| 000 | 00456nam a22001817a 4500 | ||
|---|---|---|---|
| 003 | CEME | ||
| 005 | 20210628210106.0 | ||
| 008 | 210211b xxu||||| |||| 00| 0 eng d | ||
| 020 | _a0-7680-0308-3 | ||
| 040 | _c. | ||
| 082 | _a629.2-SAE AUT | ||
| 100 |
_aSae _910197 |
||
| 245 | _aAutomatic transmission fluids sp-1394 | ||
| 260 |
_aUSA _bSAE _c1998 |
||
| 300 | _a137P | ||
| 650 |
_aTRANSMISSION FLUIDS-AUTOMATIC ATF.SP-1394 _978113 |
||
| 942 |
_cBK _2ddc |
||
| 999 |
_c583264 _d583264 |
||